Essenttials of knowledge management
Learn what knowledge management is - and is not; discusses implementation issues and management challenges; examines enabling technologies; provides proven best practices in knowledge management.
Enregistré dans:
| Auteur principal: | |
|---|---|
| Format: | Livre |
| Langue: | Undetermined |
| Publié: |
Hoboken, N.J.
J. Wiley
2003
|
| Sujets: | |
| Tags: |
Ajouter un tag
Pas de tags, Soyez le premier à ajouter un tag!
|
| Thư viện lưu trữ: | Trung tâm Học liệu Trường Đại học Cần Thơ |
|---|
| LEADER | 00718nam a2200193Ia 4500 | ||
|---|---|---|---|
| 001 | CTU_169626 | ||
| 008 | 210402s9999 xx 000 0 und d | ||
| 082 | |a 658.4038 | ||
| 082 | |b B496 | ||
| 100 | |a Bergeron, Bryan | ||
| 245 | 0 | |a Essenttials of knowledge management | |
| 245 | 0 | |c Bryan Bergeron | |
| 260 | |a Hoboken, N.J. | ||
| 260 | |b J. Wiley | ||
| 260 | |c 2003 | ||
| 520 | |a Learn what knowledge management is - and is not; discusses implementation issues and management challenges; examines enabling technologies; provides proven best practices in knowledge management. | ||
| 650 | |a Knowledge management,Quản lý tri thức | ||
| 904 | |i Qhieu | ||
| 980 | |a Trung tâm Học liệu Trường Đại học Cần Thơ | ||